000 00494nam a2200181Ia 4500
005 20250326143119.0
008 250326s9999 xx 000 0 und d
037 _aTextbook
040 _aFMSL
_beng
_cFMSL
041 _aeng
_2eng
084 _aX.44 P4
_qFMSL
100 _aDatt R
_9736763
245 0 _aIndian economy
_cDatt R; Sundharam Kpm
260 _aNew Delhi
_bNew Delhi, S. chand & company
_c2004
300 _a990p
942 _cTB
_hX.44 P4
999 _c1298154
_d1298154